Estados Brasileiros Com Mais Equinos - Statistics

Estatísticas Gerais
  • Esse quiz foi jogado 74 vezes
  • A pontuação média é 10 de 11
Estatísticas das Respostas
N. de Cabeças Região Estado % Correto
349.921 Sudeste São Paulo
100%
445.541 Centro-Oeste Mato Grosso
97%
811.705 Sudeste Minas Gerais
97%
488.219 Norte Pará
97%
258.875 Sul Paraná
97%
501.435 Sul Rio Grande do Sul
97%
440.055 Nordeste Bahia
96%
393.676 Centro-Oeste Goiás
96%
417.525 Centro-Oeste Mato Grosso do Sul
94%
189.237 Norte Tocantins
91%
233.599 Nordeste Maranhão
84%
Nenhum quiz correspondente encontrado
Distribuição das Pontuações
Porcentagem de Pessoas com Cada Pontuação
Percentil de Números Respondidos
Sua Pontuação Histórica
Você não jogou esse quiz